00754nam a2200205Ia 4500003000400000005001700004008004100021040002100062041000800083082002300091100004000114245008900154260003200243300002800275650006000303700004700363942001200410999001500422952011100437OSt20210413094424.0210310s1982 ck 000 0 spa d aCO-JMCRcCO-JMCR0 aspa04a336.2 /bV422b2231 aVega Lara, Humberto, 914798eautor10aBases para una reforma tributaria / cHumberto Vega Lara, Hernando Jiménez Posada  a[Colombia] : b[sn], c1982 b43 páginas ; c28 cm.0 aCrecimiento económico914800xLegislaciónzColombia1 aJiménez Posada, Hernando, eautor936755 2ddccBK c7565d7565 00102ddc40708NFICaCPLbCPLd2018-04-15eDonacióno336.2 / V422bp430004420r2024-05-16 00:00:00yBK